Kant's metaphysic of experience : (Record no. 32320)
[ view plain ]
| 000 -LEADER | |
|---|---|
| fixed length control field | 00710nam a22002057a 4500 |
| 001 - CONTROL NUMBER | |
| control field | 32320 |
| 003 - CONTROL NUMBER IDENTIFIER | |
| rucl marc code | BD-RjUL |
| 005 - DATE AND TIME OF LATEST TRANSACTION | |
| control field | 20211209051821.0 |
| 008 - FIXED-LENGTH DATA ELEMENTS--GENERAL INFORMATION | |
| fixed length control field | 140426r19611956enk 000 0 eng d |
| 035 ## - SYSTEM CONTROL NUMBER | |
| System control number | (BD-RjUL)32409 |
| 040 ## - CATALOGING SOURCE | |
| Original cataloging agency | BD-RjUL |
| Language of cataloging | eng |
| Transcribing agency | BD-RjUL |
| 041 ## - LANGUAGE CODE | |
| Language code of text/sound track or separate title | eng |
| 082 ## - DEWEY DECIMAL CLASSIFICATION NUMBER | |
| Classification number | 121 |
| Author mark and year | PAK V-1 1961 |
| 100 1# - MAIN ENTRY--PERSONAL NAME | |
| Personal name | Paton, H. J. |
| 9 (RLIN) | 98327 |
| 245 ## - TITLE STATEMENT | |
| Title | Kant's metaphysic of experience : |
| Remainder of title | a commentary on the first half of the Kritik der reinen vernunft / |
| Statement of responsibility, etc. | by H. J. Paton. |
| Number of part/section of a work | Volume One |
| 260 ## - PUBLICATION, DISTRIBUTION, ETC. (IMPRINT) | |
| Place of publication, distribution, etc. | London ; |
| -- | New York : |
| Name of publisher, distributor, etc. | George Allen ; |
| -- | Macmillan, |
| Date of publication, distribution, etc. | c1956 [Impression 1961]. |
| 300 ## - PHYSICAL DESCRIPTION | |
| Pagination | 585 p. ; |
| Size | 22 cm. |
| 600 #0 - SUBJECT ADDED ENTRY--PERSONAL NAME | |
| Personal name | Kant, Immanuel, |
| Dates associated with a name | 1724-1804. |
| General subdivision | Kritik der reinen Vernunft. |
| 942 ## - ADDED ENTRY ELEMENTS (KOHA) | |
| Source of classification or shelving scheme | Dewey Decimal Classification |
| Koha item type | Books |
| Lost status | Source of classification or shelving scheme | Damaged status | Not for loan | Collection code | Permanent Location | Current Location | Shelving location | Date acquired | Source of acquisition | Cost, normal purchase price | Total Checkouts | Full call number | Date last seen | Copy number | Koha item type |
|---|---|---|---|---|---|---|---|---|---|---|---|---|---|---|---|
| Dewey Decimal Classification | Non-fiction | Central Library, University of Rajshahi | Central Library, University of Rajshahi | 11/12/1962 | Zetlinger | 60.00 | 121 PAK V-1 1961 | 26/04/2014 | C-5 | Books | |||||
| Dewey Decimal Classification | Non-fiction | Central Library, University of Rajshahi | Central Library, University of Rajshahi | 11/12/1962 | Zetlinger | 60.00 | 121 PAK V-1 1961 | 26/04/2014 | C-2 | Books |